00676nam a22001932 4500001001100000005001700011008004100028020003300069040001500102050002500117100003000142245008300172260004100255300001700296500001700313650005200330650005600382650004400438000000520220151217151955.0070608s xx 000 0 eng d a0471345970 :cKES 300 (don.) aKABUcKABU 0aTK5105.73b.L67 19991 aLoshin, Pete.@000015636210aEssential email standards :bRFCs and protocols made practical /cPete Loshin. aNew York :bJohn Wiley & Sons,c339. axxii, 339 p. aIncludes CD. 0aElectronic mail systemsxStandards.@0000156363 0aInternet (Computer network)xStandards.@0000156364 0aComputer network protocols.@0000147963